Los quintos del Pelargón / (Record no. 197787)

MARC details
000 -LEADER
campo de control de longitud fija 02489nam a2200385 i 4500
001 - NÚMERO DE CONTROL
campo de control 197787
003 - IDENTIFICADOR DE NÚMERO DE CONTROL
campo de control ES-MaACL
005 - FECHA Y HORA DE LA ÚLTIMA TRANSACCIÓN
campo de control 20250902063121.0
008 - DATOS DE LONGITUD FIJA--INFORMACIÓN GENERAL
campo de control de longitud fija 250805s2004 sp | ||| ||spa
016 7# - NÚMERO DE CONTROL DE UNA AGENCIA BIBLIOGRÁFICA NACIONAL
Número de control del registro bimoBNE20050038753
Fuente SpMaBN
017 ## - NÚMERO DE COPYRIGHT O DE DEPÓSITO LEGAL
Número de copyright o de depósito legal M 36949-2004
Agencia que asigna Oficina Depósito Legal Madrid
020 ## - NÚMERO INTERNACIONAL ESTÁNDAR DEL LIBRO
Número Internacional Estándar del Libro 8496052826
035 ## - NÚMERO DE CONTROL DEL SISTEMA
Número de control de sistema (OCoLC)417653836
035 ## - NÚMERO DE CONTROL DEL SISTEMA
Número de control de sistema (SpMaBN)bimo0001998499
040 ## - FUENTE DE CATALOGACIÓN
Centro catalogador/agencia de origen SpMaBN
Lengua de catalogación spa
Centro/agencia transcriptor SpMaBN
Normas de descripción rdc
080 ## - NÚMERO DE LA CLASIFICACIÓN DECIMAL UNIVERSAL
Número de la Clasificación Decimal Universal 94(460)"1936/39"
080 ## - NÚMERO DE LA CLASIFICACIÓN DECIMAL UNIVERSAL
Número de la Clasificación Decimal Universal 94(100)"1939/45"
100 1# - ENTRADA PRINCIPAL--NOMBRE DE PERSONA
Nombre de persona Gragera Díaz, Francisco,
Fechas asociadas al nombre 1958-
9 (RLIN) 241599
Término indicativo de función/relación Autor
245 14 - MENCIÓN DEL TÍTULO
Título Los quintos del Pelargón /
Mención de responsabilidad, etc. Francisco Gragera Díaz.
260 ## - PUBLICACIÓN, DISTRIBUCIÓN, ETC.
Lugar de publicación, distribución, etc. Madrid :
Nombre del editor, distribuidor, etc. Oberon,
Fecha de publicación, distribución, etc. [2004].
300 ## - DESCRIPCIÓN FÍSICA
Extensión 202 páginas, [24] páginas de láminas ;
Dimensiones 24 cm.
336 ## - TIPO DE CONTENIDO
Fuente rdacontent
Término de tipo de contenido texto
337 ## - TIPO DE MEDIO
Fuente rdamedia
Nombre/término del tipo de medio sin mediación
338 ## - TIPO DE SOPORTE
Fuente rdacarrier
Nombre/término del tipo de soporte volumen
490 1# - MENCIÓN DE SERIE
Mención de serie Oberon memoria
504 ## - NOTA DE BIBLIOGRAFÍA, ETC.
Nota de bibliografía, etc. Fuentes documentales y bibliográficas: páginas [201-203]
520 ## - RESUMEN, ETC.
Sumario, etc. La aparición de un puñado de cartas escritas por el padre del autor durante su participación en la Guerra Civil española supone el comienzo de una labor de investigación que le conducirá hasta Los quintos del pelargón. Gracias a los relatos ofrecidos por algunos mozos del reemplazo de 1941, que tuvieron la desgracia de ser arrastrados como la grava a los campos de batalla, podremos conocer, con todo lujo de detalles, cómo vivían en aquel desolado paisaje sembrado de zanjas, alambradas y campos de minas. La Guerra Civil marcará a estos niños, convertidos en hombres a marchas forzadas, al igual que a otras generaciones de españoles nacidos antes, durante o después de aquella lucha fratricida. A los mozos supervivientes les esperaba, en el mejor de los casos, hacer la mili y padecer hambre, mucha hambre. Luego, una vez licenciados, serían movilizados de nuevo al estallar la Segunda Guerra Mundial y algunos, los más "echaos p'alante", se alistaron a la División Azul para combatir en el frente ruso.
650 #4 - PUNTO DE ACCESO ADICIONAL DE MATERIA--TÉRMINO DE MATERIA
Término de materia o nombre geográfico como elemento de entrada Guerra mundial, 1939-1945-
Subdivisión general Participación española
Fuente del encabezamiento o término embne
9 (RLIN) 13251
651 #4 - PUNTO DE ACCESO ADICIONAL DE MATERIA--NOMBRE GEOGRÁFICO
Nombre geográfico España-
Subdivisión general Historia-
Subdivisión cronológica 1936-1939, Guerra civil
Fuente del encabezamiento o término embne
9 (RLIN) 8292
852 ## - LOCALIZACIÓN
Ubicación ES-MaACL
Ubicación en estantería Depósito J
Número de control de estantería N-10624
Encuadernación Encuadernación cartoné con sobrecubiertas
itemnumber 206747
Donativo/Legado Donación: Editorial
942 ## - ELEMENTOS DE ENTRADA SECUNDARIOS (KOHA)
Tipo de ítem Koha Libro impreso
Suprimir en OPAC No
Holdings
Estatus retirado Estado de pérdida Fuente del sistema de clasificación o colocación Estado de daño No para préstamo Biblioteca de origen Biblioteca actual Ubicación en estantería Fecha de adquisición Fuente de adquisición Total de préstamos Signatura topográfica completa Código de barras Visto por última vez Precio de reemplazo Tipo de ítem Koha
    Clasificación decimal universal     Biblioteca del Ateneo de Madrid Biblioteca del Ateneo de Madrid Depósito J 31/08/2025 Donación   N-10624 2025-1123 31/08/2025 31/08/2025 Libro impreso